000 01035nam a2200313 a 4500
001 vtls000184353
003 NLI
005 20210602111256.0
008 101125s1967 ii a 001 0 eng
020 _cRs. 32.00
039 9 _y201011252217
_zVLOAD
040 _aNLI
_beng
_cDatasoft 1
_eAACR2
041 0 _aeng
044 _aii
082 0 4 _a332.11096
100 1 _aBasu, S. K.
_q(Saroj Kumar)
_9357056
245 1 0 _aCentral banking in the emerging countries :
_ba study of African experiments /
_cby S. K. Basu
260 _aCalcutta :
_bAsia Pub. House,
_cc1967
300 _ax, 308 p. :
_bill. ;
_c22 cm.
504 _aIncludes bibliographical references and index
650 0 _aBanks and banking, Central
_zDeveloping countries
_9359505
650 0 _aFinance
_zDeveloping countries
_968677
650 0 _aBanks and banking, Central
_zAfrica
_9359506
887 _a
901 _aDB12201
_b15.10.1968
902 _aE 332.11096 B 299
942 _2ddc
_cBKS
949 _AVIRTUAITEM
_D10000
_X100
_6DBA000012201ENG
999 _aVIRTUA40
_c190851
_d190851